| 000 | 00625nam a22001457a 4500 | ||
|---|---|---|---|
| 005 | 2012021600430.0 | ||
| 020 |
_c000.00 _a8176460257 |
||
| 035 | _aA-945792 | ||
| 037 |
_aDPL _bENG |
||
| 245 | _aThe Holy Sundarakanda/ | ||
| 260 |
_aDelhi _bB.R.Publishing _c1998 |
||
| 300 |
_a xxiii,237p. _c22cms. |
||
| 942 |
_2ddc _cEN _h230.1 _mRAM |
||
| 999 |
_c64378 _d64378 |
||